TDS Support Towers - Statistics

General Stats
  • This quiz has been taken 16 times
  • The average score is 6 of 7
Answer Stats
Supporting Answer % Correct
Hidden Det. Ace Pilot
100%
Buffs DJ Booth
100%
Healing Medic
100%
Firerate Commander
93%
Range Buff Ranger
87%
Buffs Firework Technician
80%
Buff Mercenary Base
80%
No matching quizzes found
Score Distribution
Percent of People with Each Score
Percentile by Number Answered
Your Score History
You have not taken this quiz